Proaktívna činnosť požiarnej ochrany pre mäkké ciele
Zaoberanie sa proaktívnymi spôsobmi požiarnej ochrany mäkkých cieľových objektov. Ide o budovu obchodného centra, kde je navrhnutých niekoľko typov proaktívnych aktivít pre zlepšenie efektivity minimalizácie rizika ohrozenia, čo sa týka požiarnej ochrany.
Na minha lista:
| Autor principal: | |
|---|---|
| Outros Autores: | |
| Formato: | Capítulo de Livro |
| Idioma: | eslovaco |
| Assuntos: | |
| Tags: |
Sem tags, seja o primeiro a adicionar uma tag!
|
MARC
| LEADER | 00000naa a2200000 4500 | ||
|---|---|---|---|
| 001 | 0307005 | ||
| 005 | 20250213124229.3 | ||
| 041 | 0 | |a slo | |
| 044 | |a SK | ||
| 245 | 1 | 0 | |a Proaktívna činnosť požiarnej ochrany pre mäkké ciele |c Adam Malatinský, Luděk Lukáš |
| 520 | |a Zaoberanie sa proaktívnymi spôsobmi požiarnej ochrany mäkkých cieľových objektov. Ide o budovu obchodného centra, kde je navrhnutých niekoľko typov proaktívnych aktivít pre zlepšenie efektivity minimalizácie rizika ohrozenia, čo sa týka požiarnej ochrany. | ||
| 610 | 2 | 0 | |a požiare |
| 610 | 2 | 0 | |a požiarnictvo |
| 610 | 2 | 0 | |a bezpečnosť |
| 610 | 2 | 0 | |a meranie |
| 610 | 2 | 0 | |a centrá nákupné |
| 610 | 2 | 0 | |a centrá obchodné |
| 610 | 2 | 0 | |a budovy |
| 610 | 2 | 0 | |a ochrana civilná |
| 610 | 2 | 0 | |a ochrana požiarna |
| 100 | 1 | |a Malatinský, Adam | |
| 700 | 1 | |a Lukáš, Luděk | |